[Event "IND-ch 59th"]
[Site "New Delhi"]
[Date "2022.12.22"]
[Round "1"]
[White "Ratnakaran, Kantoli"]
[Black "Bipin Raj, S."]
[Result "1/2-1/2"]
[WhiteElo "2304"]
[BlackElo "1640"]
[PlyCount "66"]
[EventDate "2022.12.22"]
[EventType "swiss"]
[EventRounds "13"]
[EventCountry "IND"]
[SourceTitle "CBM 211 Extra"]
[Source "ChessBase"]
[SourceDate "2023.01.31"]
[SourceVersion "1"]
[SourceVersionDate "2023.01.31"]
[SourceQuality "1"]

1. e4 e6 2. d3 d5 3. Nd2 Nc6 4. Ngf3 Nf6 5. g3 dxe4 6. dxe4 Bc5 7. Bg2 e5 8. 0-0 0-0 9. c3 a5 10. Qc2 b6 11. Nc4 Ba6 12. b3 Qe7 13. Bh3 Rad8 14. Nh4 Ne8 15. Nf5 Qf6 16. g4 h6 17. g5 Qg6 18. Qe2 hxg5 19. Ng3 Nd6 20. Kh1 Ne7 21. f3 Nxc4 22. bxc4 Bc8 23. Bxc8 Nxc8 24. Be3 Bxe3 25. Qxe3 Nd6 26. c5 Nc4 27. Qg1 Rd3 28. Rad1 Rfd8 29. Rxd3 Rxd3 30. Rd1 Nb2 31. Rb1 Nc4 32. Rd1 Nb2 33. Rb1 Nc4 1/2-1/2

[Event "Uadjpur Pandiyar Memorial 7th"]
[Site "Uadjpur"]
[Date "2022.10.10"]
[Round "5"]
[White "Bipin Raj, S."]
[Black "Rathore, SK."]
[Result "0-1"]
[WhiteElo "1669"]
[BlackElo "1800"]
[PlyCount "47"]
[EventDate "2022.10.08"]
[EventType "swiss"]
[EventRounds "9"]
[EventCountry "IND"]
[SourceTitle "CBM 210 Extra"]
[Source "ChessBase"]
[SourceDate "2022.11.30"]
[SourceVersion "1"]
[SourceVersionDate "2022.11.30"]
[SourceQuality "1"]

1. e4 d6 2. d4 Nf6 3. Nc3 c6 4. Bd3 e5 5. Nf3 Bg4 6. dxe5 dxe5 7. h3 Bxf3 8. Qxf3 Nbd7 9. g4 Nc5 10. g5 Nxd3+ 11. Qxd3 Nd7 12. Bd2 Nc5 13. Qg3 Bd6 14. 0-0-0 Ne6 15. Be3 Qc7 16. Rd3 0-0-0 17. Nb5 cxb5 18. Rc3 Bc5 19. Bxc5 Nxc5 20. b4 b6 21. bxc5 bxc5 22. Rb3 a6 23. Qc3 Rd4 24. Rd1 0-1